[Event "Aragon-chT Preferente B"]
[Site "Aragon"]
[Date "2013.03.16"]
[Round "8.55"]
[White "Martin Catalan, Juan Vicente"]
[Black "Naya Sancho, Juan Manuel"]
[Result "1-0"]
[WhiteElo "2096"]
[BlackElo "1895"]
[PlyCount "63"]
[EventDate "2013.01.26"]
[EventType "team"]
[EventRounds "9"]
[EventCountry "ESP"]
[SourceTitle "EXT 2014"]
[Source "ChessBase"]
[SourceDate "2013.11.20"]
[SourceVersion "1"]
[SourceVersionDate "2013.11.20"]
[SourceQuality "1"]
[WhiteTeam "Teruel"]
[BlackTeam "Delicias CCOO II"]
[WhiteTeamCountry "ESP"]
[BlackTeamCountry "ESP"]

1. d4 d6 2. Bf4 Nf6 3. Nf3 Bg4 4. Nbd2 Nbd7 5. h3 Bh5 6. c4 c6 7. g4 Bg6 8. Bg2 e6 9. 0-0 Be7 10. Re1 d5 11. a3 a5 12. b3 0-0 13. Qc1 Ne4 14. Ne5 Nxd2 15. Qxd2 Nxe5 16. Bxe5 Qb6 17. Qc3 Qd8 18. e3 f5 19. Bg3 fxg4 20. hxg4 h5 21. Bh3 hxg4 22. Bxg4 Bf5 23. Bxf5 Rxf5 24. e4 Rh5 25. Qf3 Rh6 26. exd5 Rf6 27. Qe4 Qf8 28. dxe6 Re8 29. d5 cxd5 30. cxd5 Bc5 31. Ra2 Rf3 32. Kg2 1-0

[Event "Aragon-chT Preferente B"]
[Site "Aragon"]
[Date "2013.02.23"]
[Round "5.62"]
[White "Martin Catalan, Juan Vicente"]
[Black "Vera Jimenez, Andres"]
[Result "1-0"]
[WhiteElo "2096"]
[BlackElo "1986"]
[PlyCount "63"]
[EventDate "2013.01.26"]
[EventType "team"]
[EventRounds "9"]
[EventCountry "ESP"]
[SourceTitle "EXT 2014"]
[Source "ChessBase"]
[SourceDate "2013.11.20"]
[SourceVersion "1"]
[SourceVersionDate "2013.11.20"]
[SourceQuality "1"]
[WhiteTeam "Teruel"]
[BlackTeam "Tauste"]
[WhiteTeamCountry "ESP"]
[BlackTeamCountry "ESP"]

1. d4 Nf6 2. Nf3 g6 3. Bf4 Bg7 4. e3 c5 5. c3 cxd4 6. exd4 d6 7. Be2 0-0 8. Nbd2 Nc6 9. 0-0 Re8 10. Nc4 b5 11. Ne3 a6 12. h3 Bb7 13. a4 Qb6 14. axb5 axb5 15. Qb3 Na7 16. Bc4 e6 17. Be2 Nd7 18. Bg3 Qc6 19. Ra5 Qc7 20. Rfa1 Nc6 21. Rxa8 Rxa8 22. Rxa8+ Bxa8 23. Qxb5 Na7 24. Qa6 Bc6 25. Nc4 Bf8 26. Nxd6 Nb8 27. Qa2 Bxd6 28. Bxd6 Qxd6 29. Qxa7 Nd7 30. Qa6 Qd5 31. Bc4 Qe4 32. Bd3 1-0

[Event "Aragon-chT Preferente A"]
[Site "Aragon"]
[Date "2012.03.31"]
[Round "9.42"]
[White "Martin Catalan, Juan Vicente"]
[Black "Sanmiguel Mateo, Luis"]
[Result "1-0"]
[WhiteElo "2105"]
[BlackElo "1958"]
[PlyCount "57"]
[EventDate "2012.02.04"]
[EventType "team"]
[EventRounds "9"]
[EventCountry "ESP"]
[SourceTitle "EXT 2014"]
[Source "ChessBase"]
[SourceDate "2013.11.20"]
[SourceVersion "1"]
[SourceVersionDate "2013.11.20"]
[SourceQuality "1"]
[WhiteTeam "Teruel"]
[BlackTeam "Calatayud"]
[WhiteTeamCountry "ESP"]
[BlackTeamCountry "ESP"]

1. d4 d5 2. Nf3 Nf6 3. c4 e6 4. Bg5 Be7 5. Nc3 h6 6. Bh4 0-0 7. e3 b6 8. Be2 Bb7 9. Bxf6 Bxf6 10. cxd5 exd5 11. b4 Nd7 12. b5 Re8 13. Qb3 Nf8 14. 0-0 Ne6 15. a4 c5 16. bxc6 Bxc6 17. Rfc1 Qd7 18. Ba6 Nc7 19. Bd3 Rab8 20. h3 Re7 21. Rc2 Ree8 22. Bb5 Nxb5 23. axb5 Ba8 24. Rca2 g5 25. Rxa7 Qf5 26. e4 dxe4 27. Qxf7+ Kh8 28. Ne5 Rg8 29. Rxa8 1-0

[Event "Aragon-chT Preferente A"]
[Site "Aragon"]
[Date "2012.03.17"]
[Round "7.38"]
[White "Martin Catalan, Juan Vicente"]
[Black "Fernandez Rubio, Rafael"]
[Result "1/2-1/2"]
[WhiteElo "2105"]
[BlackElo "2064"]
[PlyCount "131"]
[EventDate "2012.02.04"]
[EventType "team"]
[EventRounds "9"]
[EventCountry "ESP"]
[SourceTitle "EXT 2014"]
[Source "ChessBase"]
[SourceDate "2013.11.20"]
[SourceVersion "1"]
[SourceVersionDate "2013.11.20"]
[SourceQuality "1"]
[WhiteTeam "Teruel"]
[BlackTeam "Tauste"]
[WhiteTeamCountry "ESP"]
[BlackTeamCountry "ESP"]

1. d4 d6 2. Nf3 Nf6 3. c4 Nbd7 4. Nc3 e5 5. Bg5 Be7 6. e3 0-0 7. Be2 c6 8. 0-0 Re8 9. Qc2 h6 10. Bh4 Nh7 11. Bg3 Ng5 12. Rad1 Nxf3+ 13. Bxf3 Bh4 14. Ne4 Bxg3 15. hxg3 d5 16. Nd6 Re6 17. Nxc8 Rxc8 18. Bg4 Re7 19. dxe5 Rxe5 20. cxd5 cxd5 21. Qd2 Rg5 22. Bxd7 Qxd7 23. Rc1 Rc6 24. Rfd1 Qf5 25. Qa5 Rf6 26. Qd2 b6 27. Qc2 Qe5 28. Qd3 Qe6 29. Rc7 a5 30. Rdc1 Qe4 31. Rc8+ Kh7 32. R1c3 Rgf5 33. f3 Qxd3 34. Rxd3 Rg5 35. Rd8 Rxg3 36. R8xd5 Rfxf3 37. Rd6 Rxe3 38. Rxe3 Rxe3 39. Rxb6 Re2 40. a4 f6 41. b3 Kg6 42. Rb7 f5 43. Rb5 Rb2 44. Rb7 Kf6 45. Rb6+ Kg5 46. Kh2 g6 47. Kh3 Rb1 48. Rb5 Kf4 49. Kh2 g5 50. Rxa5 Rxb3 51. Rc5 Kg4 52. Rc6 h5 53. a5 Ra3 54. a6 Kh4 55. Rc4+ f4 56. a7 Rxa7 57. g3+ Kg4 58. gxf4 Ra2+ 59. Kg1 gxf4 60. Rc8 Kf3 61. Rc3+ Ke2 62. Kg2 Rd2 63. Ra3 h4 64. Rb3 f3+ 65. Rxf3 Ke1+ 66. Kh3 1/2-1/2

[Event "Aragon-chT Preferente A"]
[Site "Aragon"]
[Date "2012.02.11"]
[Round "2.46"]
[White "Martin Catalan, Juan Vicente"]
[Black "Pes Mateo, Angel"]
[Result "1/2-1/2"]
[WhiteElo "2105"]
[BlackElo "2069"]
[PlyCount "53"]
[EventDate "2012.02.04"]
[EventType "team"]
[EventRounds "9"]
[EventCountry "ESP"]
[SourceTitle "EXT 2014"]
[Source "ChessBase"]
[SourceDate "2013.11.20"]
[SourceVersion "1"]
[SourceVersionDate "2013.11.20"]
[SourceQuality "1"]
[WhiteTeam "Teruel"]
[BlackTeam "Delicias CCOO II"]
[WhiteTeamCountry "ESP"]
[BlackTeamCountry "ESP"]

1. d4 Nf6 2. c4 d6 3. Nc3 e5 4. dxe5 dxe5 5. Qxd8+ Kxd8 6. Nf3 Nfd7 7. a3 a5 8. e3 c6 9. Be2 Na6 10. 0-0 Be7 11. Rd1 Kc7 12. Bd2 f6 13. Be1 Rd8 14. Kf1 b6 15. h3 Bb7 16. Bd3 g6 17. Be2 Ndc5 18. Rxd8 Rxd8 19. Rd1 Rxd1 20. Nxd1 Nb3 21. Nc3 Nac5 22. Nd2 Ba6 23. Nxb3 Nxb3 24. Nb1 Nc1 25. Nd2 Nxe2 26. Kxe2 f5 27. f3 1/2-1/2